• 首页
  • 本馆介绍
  • 公告通知
  • 最新文献
  • 馆藏检索
  • 电子资源
  • 读者导购
  • 参考咨询
  • 我的图书馆
  • 登录
  • 详细信息显示
  • 放入我的书架
  • 预约/预借图书
  • 作者相关作品
  • 分类相关作品
  • 丛书相关作品
  • 出版社相关作品

书目信息

  • 表格格式
  • 工作单格式
  • 卡片格式
题名:
汉德语言实用对比研究
    
 
作者: 钱文彩 著
分册:  
出版信息: 北京   外语教学研究出版社  2006
页数: 483页
开本: 23cm
丛书名:
单 册:
中图分类: H1 , H33
科图分类:
主题词: 汉语--对比研究--德语 , 汉语 , 德语
电子资源:
ISBN: 7-5600-4363-1
000 01157nam0 2200301 450
001 003412726
005 20070805091716.78
010    @a7-5600-4363-1@dCNY38.90
035    @a003412726
100    @a20070226d2006 em y0chiy0110 ea
101 0  @achi@ager
102    @aCN@b110000
105    @ay z 000yy
106    @ar
200 1  @a汉德语言实用对比研究@Ahan de yu yan shi yong dui bi yan jiu@Ahan de yu yan shi yong dui bi yan jiu@dKontrastive angewandte Studien Chinesisch-Deutsch@f钱文彩著@Fqian wen cai zhuo@zger
210    @a北京@c外语教学研究出版社@d2006
215    @a483页@d23cm
300    @a研究生教学用书
330    @a本书阐述了各民族语言存在着一致性、概念的一致性、思维的一致性、对等性形象思维的一致性、相似性形象思维的一致性、各民族语言之间的相异性、各民族语言之间存在相异性的原因、和思维反映现实要素的顺序不同导致语序上的差异等内容。
510 1  @aKontrastive angewandte Studien Chinesisch-Deutsch@zeng
606 0  @a汉语@x对比研究@x德语
606 0  @a汉语
606 0  @a德语
690    @aH1@v4
690    @aH33@v4
701  0 @a钱文彩@Aqian wen cai@Aqian wen cai@c(德语)@4著
801  0 @aCN@bNLC@c20070805
905    @dH1@e148@f3
    
    汉德语言实用对比研究=Kontrastive angewandte Studien Chinesisch-Deutsch/钱文彩著.-北京:外语教学研究出版社,2006
    483页;23cm
    研究生教学用书
    
    ISBN 7-5600-4363-1:CNY38.90
    本书阐述了各民族语言存在着一致性、概念的一致性、思维的一致性、对等性形象思维的一致性、相似性形象思维的一致性、各民族语言之间的相异性、各民族语言之间存在相异性的原因、和思维反映现实要素的顺序不同导致语序上的差异等内容。
●
相关链接 在E读中查询图书 在五车中查询图书 在当当中查询图书 在豆瓣中查询图书


正题名:汉德语言实用对比研究     索取号:H1/148         预约/预借

序号 登录号 条形码 馆藏地/架位号 状态 备注
1 0852237   208522375   第二样本阅览室/ [索取号:H1/148] 在馆    
2 0852238   208522384   第四借阅区/ [索取号:H1/148] 在馆    
3 0852239   208522393   第四借阅区/ [索取号:H1/148] 在馆    
唐山师范学院图书馆 欢迎您!
大连网信软件有限公司© 版权所有